<?xml version="1.0" encoding="UTF-8"?>
<record
    xmlns:xsi="http://www.w3.org/2001/XMLSchema-instance"
    xsi:schemaLocation="http://www.loc.gov/MARC21/slim http://www.loc.gov/standards/marcxml/schema/MARC21slim.xsd"
    xmlns="http://www.loc.gov/MARC21/slim">

  <leader>00552nam a22001937a 4500</leader>
  <controlfield tag="005">20230412120908.0</controlfield>
  <controlfield tag="008">230403b        |||||||| |||| 00| 0 eng d</controlfield>
  <datafield tag="020" ind1=" " ind2=" ">
    <subfield code="a">9781568715322</subfield>
    <subfield code="q">Hard cover</subfield>
  </datafield>
  <datafield tag="040" ind1=" " ind2=" ">
    <subfield code="a">CBULib</subfield>
    <subfield code="c">CBULib</subfield>
  </datafield>
  <datafield tag="041" ind1=" " ind2=" ">
    <subfield code="a">eng</subfield>
  </datafield>
  <datafield tag="050" ind1=" " ind2=" ">
    <subfield code="a">DS  117 Spi</subfield>
  </datafield>
  <datafield tag="100" ind1=" " ind2=" ">
    <subfield code="a">Spiro, Ken</subfield>
  </datafield>
  <datafield tag="245" ind1=" " ind2=" ">
    <subfield code="a">Crash course in the Jewish history : from Abraham to modern Israel</subfield>
    <subfield code="c">/ by Ken Spiro</subfield>
  </datafield>
  <datafield tag="260" ind1=" " ind2=" ">
    <subfield code="a">Southfield :</subfield>
    <subfield code="b">Targum Press, </subfield>
    <subfield code="c">2010</subfield>
  </datafield>
  <datafield tag="300" ind1=" " ind2=" ">
    <subfield code="a">xxiii, 484 pages : illustrations</subfield>
  </datafield>
  <datafield tag="600" ind1=" " ind2=" ">
    <subfield code="a">SPIRO, KEN</subfield>
  </datafield>
  <datafield tag="650" ind1=" " ind2=" ">
    <subfield code="a">JEWS</subfield>
  </datafield>
  <datafield tag="942" ind1=" " ind2=" ">
    <subfield code="c">002</subfield>
  </datafield>
  <datafield tag="999" ind1=" " ind2=" ">
    <subfield code="c">75614</subfield>
    <subfield code="d">75614</subfield>
  </datafield>
  <datafield tag="952" ind1=" " ind2=" ">
    <subfield code="0">0</subfield>
    <subfield code="1">0</subfield>
    <subfield code="2">lcc</subfield>
    <subfield code="4">0</subfield>
    <subfield code="7">0</subfield>
    <subfield code="8">MC</subfield>
    <subfield code="a">001</subfield>
    <subfield code="b">001</subfield>
    <subfield code="c">GEN</subfield>
    <subfield code="d">2023-04-03</subfield>
    <subfield code="e">DON-BOOKAID</subfield>
    <subfield code="g">78.04</subfield>
    <subfield code="l">2</subfield>
    <subfield code="o">DS  117 Spi</subfield>
    <subfield code="p">751878</subfield>
    <subfield code="r">2025-11-06</subfield>
    <subfield code="s">2024-01-26</subfield>
    <subfield code="t">1</subfield>
    <subfield code="v">101.45</subfield>
    <subfield code="w">2023-04-03</subfield>
    <subfield code="y">002</subfield>
  </datafield>
  <datafield tag="952" ind1=" " ind2=" ">
    <subfield code="0">0</subfield>
    <subfield code="1">0</subfield>
    <subfield code="2">lcc</subfield>
    <subfield code="4">0</subfield>
    <subfield code="7">0</subfield>
    <subfield code="8">SOM</subfield>
    <subfield code="a">002</subfield>
    <subfield code="b">002</subfield>
    <subfield code="c">SOM</subfield>
    <subfield code="d">2023-04-04</subfield>
    <subfield code="e">DON-BOOKAID</subfield>
    <subfield code="g">78.04</subfield>
    <subfield code="o">DS 117  Spi</subfield>
    <subfield code="p">905344</subfield>
    <subfield code="r">2023-04-04</subfield>
    <subfield code="t">2</subfield>
    <subfield code="v">101.45</subfield>
    <subfield code="w">2023-04-04</subfield>
    <subfield code="y">002</subfield>
  </datafield>
</record>
